000 00752nam a2200217 a 4500
001 000024930
003 OSt
005 20240229073936.0
008 110208s1948 dr r 000 0 spa d
040 _aDO-SdBNP
_bspa
_cBNPHU
082 4 _aRD861.4
_bB748j
_222
100 1 _aBotello, Amable A.
_951181
245 1 3 _aEl juramento del este /
_cAmable A. Botello.
260 _aCiudad Trujillo, República Dominicana :
_bMontalvo,
_c1948.
300 _a15 p. ;
_c22 cm.
590 _aInventariado, 2018/ YL
600 1 0 _aTrujillo Molina, Rafael Leónidas,
_d 1891-1961
_976764
651 4 _aRepública Dominicana
_xHistoria
_yEra de Trujillo, 1930-1961
_vEnsayos, conferencias, etc.
_912749
910 _aValidado. Control de calidad MFF
942 _2ddc
_cLBS1
999 _c24423
_d24423